| 000 | 00822cab a2200241 4500 | ||
|---|---|---|---|
| 001 | WB3505-40 | ||
| 008 | 090401t1999 xxu||||| |||| 00| 0 eng d | ||
| 035 | _a(Sirsi) u91131 | ||
| 041 | _aeng | ||
| 245 | _aMilk quota reform | ||
| 260 | _c1999 | ||
| 350 | _a0 | ||
| 490 |
_aMAFF News Release _v(38/99) 2 February 1999 (2) |
||
| 520 | _aA study by Manchester University supports government policy on the reform of UK milk quotas. The report shows that the total cost to dairy farmers of acquiring milk quotas is 12.5% of the revenue from milk production. This cost would be removed if milk quotas were abolished. | ||
| 650 | _aCAP REFORM | ||
| 650 | _aCAP | ||
| 650 | _aDAIRY FARMERS | ||
| 650 | _aMILK PRODUCTION | ||
| 650 | _aMILK QUOTAS | ||
| 690 | _aRURAL PRACTICE | ||
| 942 | _n0 | ||
| 948 | _c05/02/1999 | ||
| 999 |
_c57829 _d57829 |
||